| 000 | 00619nam a22001937a 4500 | ||
|---|---|---|---|
| 003 | OSt | ||
| 005 | 20260122200338.0 | ||
| 008 | 230606b ||||| |||| 00| 0 eng d | ||
| 040 | _cSSBUL | ||
| 041 | _ashan | ||
| 082 |
_223 _a895.9191 |
||
| 100 | 0 |
_aသႅင်ၶမ်းသႃႇ။ _925270 |
|
| 245 | 1 | 0 |
_aပွတ်းယၢဝ်းၶၢဝ်းတၢင်းလႄႈ ဝွၵ်းတႆးတင်းၼမ် - The Shan Modern Poetry / _cသႅင်ၶမ်းသႃႇ။ |
| 500 | _aS-SAT: Dr. Prof Sai Aung Tun | ||
| 650 | _aဝွၵ်း | ||
| 942 | _cBK1 | ||
| 942 | _2ddc | ||
| 942 | _2ddc | ||
| 999 |
_c25299 _d25299 |
||